000 00422 a2200133 4500
001 ART_10634
005 20260410161830.0
008 260409a
245 1 0 _aEncadenamientos productivos en la industria automotríz argentina
100 1 _aMotta, Jorge J.
700 1 _aCuttica, Mariela
700 1 _aZavaleta, Leticia
773 0 _tActualidad Económica
_g- Año X, Nº 47 (ene./abr. 2000)
_wREV5083
999 _c23179
_d23179